Statistics for Arctic Monkeys Lyrics - Science Fiction

Click here to take the quiz!

General Stats

  • This quiz has been taken 13 times
  • The average score is 129 of 200

Answer Stats

Lyrics% Correct
fiction
100%
I
100%
science
100%
So
100%
some
100%
a
89%
does
89%
In
89%
in
89%
its
89%
it's
89%
me
89%
the
89%
The
89%
And
78%
and
78%
for
78%
not
78%
to
78%
too
78%
way
78%
But
67%
good
67%
love
67%
make
67%
my
67%
of
67%
on
67%
-on
67%
own
67%
that
67%
where
67%
you
67%
you,
67%
about
56%
admit
56%
believe
56%
blush
56%
clever
56%
could
56%
creeps?
56%
gave
56%
giving
56%
Got
56%
Iconography
56%
I've
56%
just
56%
momentarily
56%
obvious
56%
Religious
56%
societies
56%
something
56%
song
56%
strange
56%
thing
56%
up
56%
wall
56%
want
56%
watch
56%
well
56%
with
56%
world
56%
write
56%
cheek
44%
colony
44%
distant
44%
end
44%
feel
44%
future
44%
hard
44%
little
44%
lizard
44%
May
44%
mirror,
44%
mirror
44%
must
44%
peace
44%
pocket
44%
raincoat
44%
Reflections
44%
screen
44%
sexy
44%
silver
44%
stay
44%
tried
44%
un
44%
which
44%
whole
44%
wire
44%
your
44%
along
33%
ascension
33%
connectivity
33%
C.R.E.A.M
33%
disco
33%
easing
33%
feeling
33%
-gloved
33%
hand
33%
harsh
33%
here
33%
hidden
33%
machines
33%
Mass
33%
messages
33%
monster
33%
panic
33%
point
33%
Quantitative
33%
reality's
33%
rise
33%
scoop
33%
simple
33%
Swamp
33%
tongue
33%
back
22%
dangers
22%
Highlight
22%
rougher
22%
than
22%
out
11%
send
11%

Score Distribution

Percentile by Number Answered

Percent of People with Each Score

Your Score History

You have not taken this quiz